| 000 | 00523nam a2200217Ia 4500 | ||
|---|---|---|---|
| 003 | OSt | ||
| 005 | 20260214111251.0 | ||
| 008 | 210210b1929 xxu||||| |||| 00| 0 eng d | ||
| 040 |
_aAL _c |
||
| 041 | _aeng | ||
| 082 | _a825/115 | ||
| 100 |
_aBradby G F _916068 |
||
| 245 | _aAbout english poetry | ||
| 260 |
_aLondon _bOxford University Press _c1929 |
||
| 650 |
_apoetry _916069 |
||
| 650 |
_aenglish _916070 |
||
| 650 |
_aAbout _916071 |
||
| 690 |
_aEnglish Criticism _916072 |
||
| 906 | _a014433 | ||
| 942 |
_2ddc _cBK |
||
| 999 |
_c133616 _d133616 |
||